Daily help / (Record no. 2380)

MARC details
000 -LEADER
fixed length control field 00734cam a2200241 a 4500
001 - CONTROL NUMBER
control field 4029059
003 - CONTROL NUMBER IDENTIFIER
control field GBCCL
005 - DATE AND TIME OF LATEST TRANSACTION
control field 20241126110428.0
008 - FIXED-LENGTH DATA ELEMENTS--GENERAL INFORMATION
fixed length control field 971203s1996 pau 000 0 eng
010 ## -
-- 97221540
020 ## - INTERNATIONAL STANDARD BOOK NUMBER
International Standard Book Number 0801081955
040 ## - CATALOGING SOURCE
Original cataloging agency DLC
Transcribing agency DLC
050 00 -
-- BV4811
-- .S663 1996
082 00 - DEWEY DECIMAL CLASSIFICATION NUMBER
Classification number 242.2
Edition information 21
Item number SPU
100 1# - MAIN ENTRY--PERSONAL NAME
Personal name Spurgeon, C. H.
Fuller form of name (Charles Haddon),
Dates associated with a name 1834-1892.
9 (RLIN) 222
245 10 - TITLE STATEMENT
Title Daily help /
Statement of responsibility, etc. Charles Spurgeon.
260 ## - PUBLICATION, DISTRIBUTION, ETC.
Place of publication, distribution, etc. Grand Rapids :
Name of publisher, distributor, etc. Baker,
Date of publication, distribution, etc. c1996.
300 ## - PHYSICAL DESCRIPTION
Extent 190 p. ;
Dimensions 18 cm.
650 #0 - SUBJECT ADDED ENTRY--TOPICAL TERM
Topical term or geographic name entry element Devotional calendars
General subdivision Baptists.
9 (RLIN) 4934
906 ## - LOCAL DATA ELEMENT F, LDF (RLIN)
a 7
b cbc
c orignew
d 3
e ncip
f 19
g y-gencatlg
942 ## - ADDED ENTRY ELEMENTS (KOHA)
Source of classification or shelving scheme Dewey Decimal Classification
Koha item type Books
Holdings
Withdrawn status Lost status Source of classification or shelving scheme Damaged status Not for loan Home library Current Library Shelving location Date acquired Total checkouts Full call number Barcode Date last seen Copy number Price effective from Koha item type
    Dewey Decimal Classification     GRACE BIBLE COLLEGE GRACE BIBLE COLLEGE Ministry & Mission 2017-08-09   242.2 SPU 009340 2025-05-01 c.1 2017-08-09 Books
© Grace Bible College Library 2025